000
00280nam a2200109Ia 4500
008
200302s9999 xx 000 0 und d
100
_a
Choi Jihyun,Ha Jihae, Lydia Kim
245
_a
Interior+Architecture+ Detail 4
260
_b
Archiworld Co. Ltd.
260
_c
2010
300
_a
285
999
_c
3592
_d
3592